000 00748cam a2200265 a 4500
008
020 _a0471308188 (hbk.)
049 _aMAIN
090 _aTA1800 BUC
100 1 _aBuck, John A.
245 1 0 _aFundamentals of optical fibers /
_cJohn A. Buck.
260 _aNew York :
_bWiley,
_cc1995.
300 _axv, 264 p. :
_bill. ;
_c25 cm.
440 0 _aWiley series in pure and applied optics
500 _aIncludes index.
650 0 _aFiber optics.
650 0 _aOptical fibers.
650 0 _aOptical communications.
650 0 _aOptical wave guides.
907 _a.b10022041
_b12-03-07
_c17-04-03
003
005 20230123133138.0
040 _cNUST
942 _cBOOKS
_kTA1800 BUC
999 _c143526
_d143526